Los mitos de nuestro tiempo

Guardat en:
Dades bibliogràfiques
Autor principal: Sauvy, Alfred (Autor)
Format: Llibre
Idioma:espanyol
Publicat: Barcelona Labor 1969
Col·lecció:Nueva colección Labor, 106
Matèries:
Etiquetes: Afegir etiqueta
Sense etiquetes, Sigues el primer a etiquetar aquest registre!

MARC

LEADER 00000nam a2200000 a 4500
001 UCY7277
003 CL-VaPUC
008 950609e19690000SP |||||||||||||||||spa|d
082 0 4 |a 291.13  |b SAU  |2 21 
100 0 |a Sauvy, Alfred  |e author  |9 337683 
245 1 4 |a Los mitos de nuestro tiempo 
300 |a 300 p 
942 |c BK 
945 |d 19950609 00:00:00  |a cmena 
260 |a Barcelona  |b Labor  |c 1969 
650 0 |a Mitología   |9 255719 
650 7 |a FOLKLORE  |2 CL-VaPUC  |9 268291 
650 7 |a LEYENDAS  |2 CL-VaPUC  |9 265258 
650 0 |a Tradición oral   |9 321175 
650 0 |a Sociedad contemporánea  |9 337179 
650 0 |a Ciencias sociales   |9 256351 
650 0 |a Sociología   |9 255410 
583 |a last modification  |c 19950609 00:00:00  |k Rodrigo Vera 
490 0 |a Nueva colección Labor, 106 
999 |c 234692  |d 234690